000 00949nam a2200313 4500
001 34350
003 BD-RjUL
005 20211209052138.0
008 140515r19721969enkabfk b 001 0 eng
020 _a058231013X
035 _a(BD-RjUL)34444
040 _aDLC
_cDLC
_dDLC
_dBD-RjUL
_beng
041 _aeng
082 0 0 _a301.30942
_bEVS 1972
100 1 _aEverson, John Andrew.
_9104454
245 1 0 _aSettlement patterns /
_cJ. A. Everson [and] B. P. FitzGerald.
260 _aLondon :
_bLongmans,
_cc1969 [Reprinted 1972].
300 _axii, 138 p. :
_bill. ;
_c22 cm.
350 _a18/-
490 0 _aConcepts in geography,
_v1
504 _aIncludes bibliographies and index.
650 0 _aPopulation geography.
_953793
650 0 _aCentral places.
_9104455
650 0 _aSpace in economics.
_9104456
700 1 _aFitzGerald, Brian Patrick,
_ejoint author.
_9104457
942 _2ddc
_cBK
999 _c34350
_d34350